| 000 | 00672nam a2200205 a 4500 | ||
|---|---|---|---|
| 005 | 20250625063836.0 | ||
| 008 | 991125s1973 mx 000 0 spa u | ||
| 035 | _aUPN01000038932 | ||
| 049 | _aCG | ||
| 050 | 4 |
_aHG5163 _bS4.3 |
|
| 100 | 1 | _aSepúlveda, Bernardo | |
| 245 | 1 | 3 |
_aLa inversión extranjera en México / _cBernardo Sepúlveda, Antonio Chumacero. |
| 260 |
_aMéxico : _bFCE, _c1973. |
||
| 300 | _a262 p. | ||
| 440 | 0 | _aSección de obras de economía | |
| 500 | _aApéndice de: Estadísticas básicas de la invesrsión extranjera en México | ||
| 650 | 4 |
_aInversiones extranjeras _zMéxico _916644 |
|
| 700 | 1 |
_aChumacero, Antonio, _ecoaut. |
|
| 905 | _aLibro | ||
| 999 |
_c38932 _d38932 |
||